Cities in Asia Match Quiz Stats

 Plays Quiz Updated Jan 24, 2017

Support Sporcle.
Go Orange.
Score 0/8 Timer 10:00
3 Plays Today
% Correct
Japan
93.5%
Russia
92.7%
China
88%
India
84.4%
Vietnam
71.2%
South Korea
69.4%
Israel
61.7%
Iran
53.9%

You're not logged in!

Compare scores with friends on all Sporcle quizzes.
OR
Log In

From the Vault

Dreamworks Animation by Tagline

by dalejr88a

Just be glad we didn't put all the Shrek movies in here.
Remove Ads.
Support Sporcle.
Get the best of Sporcle when you Go Orange. This ad-free experience offers more features, more stats, and more fun while also helping to support Sporcle. Thank you for becoming a member.

Show Comments

Extras

Top Quizzes Today


Score Distribution

Your Account Isn't Verified!

In order to create a playlist on Sporcle, you need to verify the email address you used during registration. Go to your Sporcle Settings to finish the process.

Report this User

Report this user for behavior that violates our Community Guidelines.

Details: